HUNCH TURN YOUR EVERYDAY INSIGHTS INTO T (Record no. 29371)
[ view plain ]
| 000 -LEADER | |
|---|---|
| fixed length control field | 00334nam a2200133Ia 4500 |
| 008 - FIXED-LENGTH DATA ELEMENTS--GENERAL INFORMATION | |
| fixed length control field | 240624s9999 xx 000 0 und d |
| 041 ## - LANGUAGE CODE | |
| Language code of text/sound track or separate title | eng |
| 082 ## - DEWEY DECIMAL CLASSIFICATION NUMBER | |
| Classification number | 153 FIW |
| 100 ## - MAIN ENTRY--PERSONAL NAME | |
| Personal name | FIWA BERNADETTE |
| 245 ## - TITLE STATEMENT | |
| Title | HUNCH TURN YOUR EVERYDAY INSIGHTS INTO T |
| 260 ## - PUBLICATION, DISTRIBUTION, ETC. | |
| Date of publication, distribution, etc. | 2017 |
| Name of publisher, distributor, etc. | Penguin Random House |
| 300 ## - PHYSICAL DESCRIPTION | |
| Extent | 163 p.; 20 cm |
| 365 ## - TRADE PRICE | |
| Currency code | RS |
| Withdrawn status | Lost status | Damaged status | Not for loan | Home library | Current library | Shelving location | Date acquired | Cost, normal purchase price | Full call number | Barcode | Date last seen | Price effective from | Koha item type |
|---|---|---|---|---|---|---|---|---|---|---|---|---|---|
| IMTN | IMTN | Rack 2-B | 10/11/2017 | 274.45 | 153 FIW | 29371 | 06/24/2024 | 06/24/2024 | Books |